| 000 | 01045nac a22002897a 4500 | ||
|---|---|---|---|
| 001 | BR7503069 | ||
| 003 | BR-BrBNA | ||
| 005 | 20240105113847.0 | ||
| 008 | 230509b bl.|||m| |||| 00| 0 por d | ||
| 040 |
_aBR-BrBNA _bpor _cBiblioteca Nacional de Agricultura |
||
| 072 | _aK10; H60 | ||
| 090 | _a3140 BR7503069 | ||
| 100 | 1 | _aRamos, A. | |
| 100 | 1 | _aCarneiro, J.G.A. | |
| 100 | 1 | _aWormsbecker, A. | |
| 110 | 1 |
_aSecretaria de Estado dos Negocios da Agricultura, Curitiba, PR (Brasil). Depto. da Producao Vegetal _98943 |
|
| 245 | 1 | _aEfeitos do varsol em aplicacao pos-emergente na limpeza de canteiros de Pinus elliottii [pinheiro, herbicida, Parana, Brasil] | |
| 260 | 3 |
_aCuritiba, PR (Brasil): _c1975. |
|
| 300 | _a11 p. | ||
| 490 |
_aBoletim Tecnico - Secretaria de Estado dos Negocios da Agricultura. Depto. da Producao Vegetal (Brazil) _vno. 17 _x |
||
| 650 | _aPINHEIRO | ||
| 650 | _aHERBICIDA | ||
| 650 | _aCONTROLE QUIMICO | ||
| 650 | _aPARANA | ||
| 909 |
_a202312 _bLúcia Elande _c55 _dLúcia Elande |
||
| 942 |
_2AGRIS _n0 _cMS |
||
| 999 |
_c266005 _d266005 |
||